000 00581nam a2200241 a 4500
001 nice12345678
003 IN_TiNIC
005 20260116011330.0
008 050524s1929 lona grp 000 0 eng
020 _a
_c0
082 0 0 _a232
_bBAI
100 _aBaillie, John
245 _aPlace of Jesus Christ in Modern Christianity.
260 _aLondon
_bEdinburgh House Press
_c1929
300 _a219p
500 _aincludes index and biblioraphy
505 2 _aIndex
650 _aJesus Christ
700 1 _aBaillie, John
902 _bSRS
942 _cBK
999 _c590
_d590